01846nam a2200253Ia 45000010005000000080041000050100009000460410014000550820014000692450265000832600012003483000008003605200006003686300024003746300016003986300015004146300014004296300011004436500023004547000028004777000054005057000046005595200987006055201241029s9999 xx 000 0 und d a4908 aEspañol aNO APLICA 0aAplicación de las normas de convivencia del Sistema Educativo Dominicano y su influencia en las interrelaciones de los estudiantes de Sexto grado de la Escuela Arroyo Arriba en el año escolar 2015-2016, Distrito Educativo 06-02, Constanza La Vega Rep. Dom. aLa Vega a127 a6 aConvivencia Escolar aEstudiantes aIncidencia aLiderazgo aNormas aDisciplina escolar easesoraSantana, Rafael eautoraRomero Espinal , Jesús María de José eautoraBatista Tavera, Wendolín Isabel  aLa presente investigación buscó determinar la influencia de la aplicación de las normas de convivencia del Sistema Educativo Dominicano en las interrelaciones de los estudiantes de 6to. Grado de la Escuela Arroyo Arriba de Constanza, Municipio de La Vega. Nace de la presunción de que las normas no se aplican conforme a lo establecido, puesto que en este Centro Educativo se percibe una disciplina poco adecuada.  Este estudio es de campo y descriptivo. Para el logro de los objetivos, los investigadores aplicaron cuestionarios al equipo de gestión, docentes, familias y estudiantes. Los hallazgos reflejan que el conocimiento de las normas es parcial, por lo que hay deficiencia en su aplicación y esto repercute en la disciplina y la convivencia en el Centro Educativo. Por esto, se recomienda al equipo de gestión, el desarrollo de proyectos que permitan divulgar las normas y velar por su cumplimiento, así como promover estrategias de disciplina positiva.